000 00557nam a2200181Ia 4500
005 20250508150900.0
008 008 250505s9999 xx 000 0 eng d
037 _aTextual
040 _aFEDL
_beng
_cFEDL
041 _aeng
_2eng
084 _a910, TAY
_qFEDL
100 _aTaylor Griffith Ed.
245 0 _aGeography in the twentieth century: A study of growth, fields, techniques, aims and trends
260 _aNew York, USA
_bPhilosophical Library
_c1951
300 _axi,630p.
942 _cTEXL
_h910, TAY
999 _c1326294
_d1326294